00958nas a2200277Ia 4500001001600000003001000016008004100026040002500067041001300092100001800105210002400123222002400147245003900171250001100210260000900221501012300230300001400353362001600367500003900383650002300422700001100445942000700456957000600463999003300469952017800502A08/R096-45419 IT-MiCISF161014c99999999xx |||||||||||| ||und|| aIT-MiCISFcIT-MiCISF aITALIANO aBenedetto XVI aIl regno. Documenti aIl regno. Documenti 0aFamiglia umana, comunità€ di pace a1a ed. c2008 bCISF - Centro Internazionale Studi Famiglia - Via Giotto, 36 20145 MILANO (non commercial uses only)cCopyright 2016 app. 65-68 an. 3 [2008] a Tema: famiglia, società€, chiesa aFAMIGLIAvarticolo aAA.VV. cCR 71 a45419bSig1c236540d236540 0010406A_08_000000000000000_R0964541971aCISFbCISFd2016-10-14l0oA08/R096-45419 r2016-10-14 00:00:00w2016-10-14yCRzData import 15.10.2016 / by Epidotti, Vaglietti